types dans pokemon - Statistiques

Statistiques générales
  • Ce quiz a été pris 94 fois
  • Le résultat moyen est 17 sur 18
Statistiques - réponses
type % Correct
Plante
100%
Eau
99%
Feu
99%
Electrique
96%
Normal
96%
Acier
94%
Roche
94%
Ténèbres
93%
Vol
93%
Fée
91%
Insecte
91%
Psy
90%
Sol
90%
Spectre
90%
Dragon
89%
Glace
89%
Combat
86%
Poison
85%
Aucun quiz correspondant
Distribution des résultats
% des personnes avec chaque résultat
Percentile par nombre de réponses
Votre historique - résultats
Vous n’avez pas pris ce quiz